Kupónová privatizácia oslavuje 20. výročie

Základné myšlienky kupónovej privatizácie. Jej kritici. Medzníky kupónovej privatizácie.

Guardado en:
Detalles Bibliográficos
Autor principal: Spiš, Jaroslav
Formato: Capítulo de libro
Lenguaje:eslovaco
Materias:
Etiquetas: Agregar Etiqueta
Sin Etiquetas, Sea el primero en etiquetar este registro!

MARC

LEADER 00000naa a2200000 4500
001 0144191
005 20231019092026.6
041 0 |a slo 
044 |a SK 
245 1 0 |a Kupónová privatizácia oslavuje 20. výročie  |c Jaroslav Spiš 
520 |a Základné myšlienky kupónovej privatizácie. Jej kritici. Medzníky kupónovej privatizácie. 
610 2 0 |a privatizácia kupónová 
610 2 0 |a Slovensko 
610 2 0 |a reformy hospodárske 
610 2 0 |a história 
100 1 |a Spiš, Jaroslav